000 00507nam a22001817a 4500
003 KOHA_MİRAKIL
005 20251221121432.0
008 251221b tu ||||| |||| 00| 0 tur d
020 _a9786059613187
040 _aTR-AnABB
_btur
_cTR-AnABB
041 _atur
082 _a400.1
_bKAV 2023
245 1 0 _aKavramsal metafor ve metonimi üzerine uygulamalar /
260 _aMersin :
_bToros Üniversitesi Yayınları,
_c2023
300 _a189 sayfa ;
_c23 cm
650 0 4 _aDilbilim
942 _2ddc
_cBK
999 _c9812
_d9812
900 _bGizem YORULMAZ